000 00372nam a2200121Ia 4500
008 220615s9999||||xx |||||||||||||| ||und||
100 _aIbrokhim Abdurakhmonov
245 0 _aGenotyping
546 _aEnglish[eng]
650 _aLife Sciences||Genetics and Molecular Biology||Alimentology||Biochemistry
856 _uhttps://www.intechopen.com/books/genotyping
942 _cEB
999 _c15098
_d15098